Criminal justice / (Record no. 8806)
[ view plain ]
| 000 -LEADER | |
|---|---|
| fixed length control field | 00542cam a2200193 a 4500 |
| 020 ## - INTERNATIONAL STANDARD BOOK NUMBER | |
| International Standard Book Number | 9780077702069 |
| 020 ## - INTERNATIONAL STANDARD BOOK NUMBER | |
| International Standard Book Number | 0077702069 |
| 020 ## - INTERNATIONAL STANDARD BOOK NUMBER | |
| International Standard Book Number | 9780077702076 |
| 020 ## - INTERNATIONAL STANDARD BOOK NUMBER | |
| International Standard Book Number | 0077702077 |
| 050 00 - LIBRARY OF CONGRESS CALL NUMBER | |
| Classification number | HV 9950 |
| Item number | .C24 2013 |
| 100 1# - MAIN ENTRY--PERSONAL NAME | |
| Personal name | Grand Rapids Community College |
| 245 10 - TITLE STATEMENT | |
| Title | Criminal justice / |
| Statement of responsibility, etc. | Grand Rapids Community College. |
| 250 ## - EDITION STATEMENT | |
| Edition statement | Custom ed. |
| 260 ## - PUBLICATION, DISTRIBUTION, ETC. (IMPRINT) | |
| Place of publication, distribution, etc. | Boston, MA [USA] : |
| Name of publisher, distributor, etc. | McGraw-Hill Learning Solutions, |
| Date of publication, distribution, etc. | c2013. |
| 300 ## - PHYSICAL DESCRIPTION | |
| Extent | xxvi, 578 p. : |
| 500 ## - GENERAL NOTE | |
| General note | Includes index. |
| 650 ## - SUBJECT ADDED ENTRY--TOPICAL TERM | |
| General subdivision | Criminal justice |
| 942 ## - ADDED ENTRY ELEMENTS (KOHA) | |
| Source of classification or shelving scheme | Library of Congress Classification |
| Koha item type | General circulation |
| Withdrawn status | Lost status | Source of classification or shelving scheme | Damaged status | Not for loan | Home library | Current library | Shelving location | Date acquired | Source of acquisition | Cost, normal purchase price | Total Checkouts | Full call number | Barcode | Date last seen | Cost, replacement price | Price effective from | Koha item type | Public note |
|---|---|---|---|---|---|---|---|---|---|---|---|---|---|---|---|---|---|---|
| Library of Congress Classification | SEHSS - Library | SEHSS - Library | General Stacks | 10/09/2015 | Donation - Books for Africa | 2000.00 | [EHS] HV 9950 .C24 | 2015/007188 | 10/09/2015 | 2200.00 | 10/09/2015 | General circulation | Nzk |